000 01038nam a2200277 a 4500
001 000005208
003 OSt
005 20200929151617.0
008 090818s1985 es ac 001 0 spa d
020 _a8400061276
040 _aDO-SdBNP
_bspa
_cBNPHU
082 _a925
_bA473s
100 1 _aÁlvarez Pelaez, Raquel
_914878
245 1 0 _aSir Francis Galton, padre de la eugenesia /
_cRaqul Álvarez Pelaez.
260 _aMadrid :
_bConsejo Superior de Investigaciones Científicas, Centro de Estudios Históricos,
_c1985.
300 _a185 p. :
_bil., retrs. ;
_c18 cm.
490 1 _aCuadernos de historia de la ciencia;
_v4
500 _aIncluye tabla de contenido.
500 _aIncluye referencias bibliográficas y notas a pie de página.
600 1 4 _aGALTON, FRANCIS,
_d1822-1911
_vBIOGRAFÍA
_914879
650 4 _aEugenesia
_xHistoria
_914880
650 4 _aGenetica humana
_xHistoria
_914881
650 4 _aGenetistas
_zInglaterra.
_vBIOGRAFÍA
_914882
830 0 _aCuadernos de historia de la ciencia;
_v4
_914883
942 _2ddc
_cLF1
999 _c5010
_d5010